Abeceda zdaňovania miezd a platov po 1.1.1994 Príručka pre mzdových účtovníkov
Salvato in:
| Autore principale: | |
|---|---|
| Natura: | Libro |
| Lingua: | slovacco |
| Pubblicazione: |
Bratislava
VIA
1994
|
| Edizione: | 1. vyd. |
| Soggetti: | |
| Tags: |
Nessun Tag, puoi essere il primo ad aggiungerne!!
|
MARC
| LEADER | 00000nam a2200000 4500 | ||
|---|---|---|---|
| 001 | c005723 | ||
| 005 | 20221128072430.3 | ||
| 041 | 0 | |a slo | |
| 044 | |a SK | ||
| 245 | 1 | 0 | |a Abeceda zdaňovania miezd a platov po 1.1.1994 |b Príručka pre mzdových účtovníkov |c Helena Čápová |
| 250 | |a 1. vyd. | ||
| 264 | 1 | |a Bratislava |b VIA |c 1994 | |
| 300 | |a 196 s. | ||
| 610 | 2 | 0 | |a dane |
| 610 | 2 | 0 | |a mzdy |
| 610 | 2 | 0 | |a Slovensko |
| 610 | 2 | 0 | |a 1994 |
| 610 | 2 | 0 | |a zákony |
| 610 | 2 | 0 | |a 1992-1993 |
| 610 | 2 | 0 | |a dane z príjmov |
| 100 | 1 | |a Čápová, Helena | |